Informe nacional sobre el niño abandonado en Nicaragua

Wedi'i Gadw mewn:
Manylion Llyfryddiaeth
Fformat: Llyfr
Iaith:Sbaeneg
Cyhoeddwyd: Montevideo I.I.N 1960
Pynciau:
Tagiau: Ychwanegu Tag
Dim Tagiau, Byddwch y cyntaf i dagio'r cofnod hwn!

MARC

LEADER 00000nam a2200000 a 4500
001 UCW3674
003 CL-VaPUC
008 881209e19600000UY |||||||||||||||||spa|d
082 0 4 |a 362.73  |b INF  |2 21 
245 1 0 |a Informe nacional sobre el niño abandonado en Nicaragua 
300 |a 19 p 
942 |c BK 
945 |d 19881209 00:00:00 
260 |a Montevideo  |b I.I.N  |c 1960 
650 7 |a NIÑOS ABANDONADOS  |2 CL-VaPUC  |9 307993 
651 7 |a NICARAGUA  |2 CL-VaPUC  |9 255394 
583 |a last modification  |c 19881209 00:00:00  |k Rodrigo Vera 
999 |c 217595  |d 217593 
952 |0 0  |1 0  |4 0  |6 362_730000000000000_INF_1960  |7 0  |8 P  |9 205516  |a BIBEDU  |b BIBEDU  |c BIBEDU_PB  |d 2019-11-15  |i 273463K  |o 362.73 INF 1960  |p 273463K  |r 2024-01-25  |w 2019-11-15  |y BK  |k EDU